<?xml version="1.0" encoding="UTF-8"?>
<record
    xmlns:xsi="http://www.w3.org/2001/XMLSchema-instance"
    xsi:schemaLocation="http://www.loc.gov/MARC21/slim http://www.loc.gov/standards/marcxml/schema/MARC21slim.xsd"
    xmlns="http://www.loc.gov/MARC21/slim">

  <leader>03746nam a2200277   4500</leader>
  <controlfield tag="003">NALT</controlfield>
  <controlfield tag="005">20250725101238.0</controlfield>
  <controlfield tag="008">250722b        th ||||| |||| 00| 0 tha d</controlfield>
  <datafield tag="020" ind1=" " ind2=" ">
    <subfield code="a">9786164733619</subfield>
  </datafield>
  <datafield tag="040" ind1=" " ind2=" ">
    <subfield code="a">NALT</subfield>
  </datafield>
  <datafield tag="050" ind1=" " ind2=" ">
    <subfield code="a">DS 575.5.C6</subfield>
    <subfield code="b">&#xE2B;551 2563</subfield>
  </datafield>
  <datafield tag="245" ind1="0" ind2="0">
    <subfield code="a">50 &#xE1B;&#xE35; &#xE04;&#xE27;&#xE32;&#xE21;&#xE2A;&#xE31;&#xE21;&#xE1E;&#xE31;&#xE19;&#xE18;&#xE4C;&#xE44;&#xE17;&#xE22;-&#xE08;&#xE35;&#xE19; &#xE1E;.&#xE28;. 2518-2568 /</subfield>
    <subfield code="c">&#xE1A;&#xE23;&#xE23;&#xE13;&#xE32;&#xE18;&#xE34;&#xE01;&#xE32;&#xE23;&#xE1A;&#xE23;&#xE34;&#xE2B;&#xE32;&#xE23; &#xE1F;&#xE39;&#xE48; &#xE40;&#xE08;&#xE34;&#xE07;&#xE42;&#xE2B;&#xE22;&#xE48;&#xE27;, &#xE2B;&#xE25;&#xE35;&#xE48; &#xE40;&#xE2B;&#xE23;&#xE34;&#xE19;&#xE40;&#xE2B;&#xE25;&#xE35;&#xE22;&#xE07;.</subfield>
  </datafield>
  <datafield tag="250" ind1=" " ind2=" ">
    <subfield code="a">&#xE1E;&#xE34;&#xE21;&#xE1E;&#xE4C;&#xE04;&#xE23;&#xE31;&#xE49;&#xE07;&#xE17;&#xE35;&#xE48; 1.</subfield>
  </datafield>
  <datafield tag="260" ind1=" " ind2=" ">
    <subfield code="a">&#xE2A;&#xE21;&#xE38;&#xE17;&#xE23;&#xE2A;&#xE32;&#xE04;&#xE23; : </subfield>
    <subfield code="b">&#xE2B;&#xE49;&#xE2D;&#xE07;&#xE2A;&#xE21;&#xE38;&#xE14;&#xE14;&#xE2D;&#xE15;&#xE04;&#xE2D;&#xE21;,</subfield>
    <subfield code="c">2568.</subfield>
  </datafield>
  <datafield tag="300" ind1=" " ind2=" ">
    <subfield code="a">292 &#xE2B;&#xE19;&#xE49;&#xE32; : </subfield>
    <subfield code="b">&#xE20;&#xE32;&#xE1E;&#xE1B;&#xE23;&#xE30;&#xE01;&#xE2D;&#xE1A;, &#xE15;&#xE32;&#xE23;&#xE32;&#xE07;, &#xE41;&#xE1C;&#xE19;&#xE20;&#xE39;&#xE21;&#xE34; ; </subfield>
    <subfield code="c">29 &#xE0B;&#xE21;.</subfield>
  </datafield>
  <datafield tag="505" ind1="2" ind2=" ">
    <subfield code="a">&#xE1A;&#xE17;&#xE17;&#xE35;&#xE48; 1 &#xE01;&#xE32;&#xE23;&#xE40;&#xE21;&#xE37;&#xE2D;&#xE07;&#xE41;&#xE25;&#xE30;&#xE04;&#xE27;&#xE32;&#xE21;&#xE21;&#xE31;&#xE48;&#xE19;&#xE04;&#xE07; -- &#xE04;&#xE27;&#xE32;&#xE21;&#xE2A;&#xE31;&#xE21;&#xE1E;&#xE31;&#xE19;&#xE18;&#xE4C;&#xE08;&#xE35;&#xE19;-&#xE44;&#xE17;&#xE22;: &#xE21;&#xE34;&#xE15;&#xE23;&#xE20;&#xE32;&#xE1E;&#xE17;&#xE35;&#xE48;&#xE21;&#xE35;&#xE21;&#xE32;&#xE22;&#xE32;&#xE27;&#xE19;&#xE32;&#xE19; -- &#xE04;&#xE27;&#xE32;&#xE21;&#xE2A;&#xE31;&#xE21;&#xE1E;&#xE31;&#xE19;&#xE18;&#xE4C;&#xE08;&#xE35;&#xE19;-&#xE44;&#xE17;&#xE22;: &#xE2B;&#xE49;&#xE32;&#xE17;&#xE28;&#xE27;&#xE23;&#xE23;&#xE29;&#xE41;&#xE2B;&#xE48;&#xE07;&#xE2A;&#xE32;&#xE22;&#xE43;&#xE22;&#xE21;&#xE34;&#xE15;&#xE23;&#xE20;&#xE32;&#xE1E; &#xE23;&#xE48;&#xE27;&#xE21;&#xE1D;&#xE48;&#xE32;&#xE2D;&#xE38;&#xE1B;&#xE2A;&#xE23;&#xE23;&#xE04;&#xE2A;&#xE39;&#xE48;&#xE2D;&#xE19;&#xE32;&#xE04;&#xE15; -- &#xE2D;&#xE34;&#xE17;&#xE18;&#xE34;&#xE1E;&#xE25;&#xE41;&#xE25;&#xE30;&#xE1A;&#xE17;&#xE1A;&#xE32;&#xE17;&#xE02;&#xE2D;&#xE07;&#xE23;&#xE32;&#xE0A;&#xE27;&#xE07;&#xE28;&#xE4C;&#xE44;&#xE17;&#xE22;&#xE15;&#xE48;&#xE2D;&#xE01;&#xE32;&#xE23;&#xE1E;&#xE31;&#xE12;&#xE19;&#xE32;&#xE04;&#xE27;&#xE32;&#xE21;&#xE2A;&#xE31;&#xE21;&#xE1E;&#xE31;&#xE19;&#xE18;&#xE4C;&#xE08;&#xE35;&#xE19;-&#xE44;&#xE17;&#xE22; -- &#xE04;&#xE27;&#xE32;&#xE21;&#xE23;&#xE48;&#xE27;&#xE21;&#xE21;&#xE37;&#xE2D;&#xE14;&#xE49;&#xE32;&#xE19;&#xE04;&#xE27;&#xE32;&#xE21;&#xE21;&#xE31;&#xE48;&#xE19;&#xE04;&#xE07;&#xE41;&#xE25;&#xE30;&#xE01;&#xE32;&#xE23;&#xE40;&#xE1B;&#xE47;&#xE19;&#xE2B;&#xE38;&#xE49;&#xE19;&#xE2A;&#xE48;&#xE27;&#xE19;&#xE17;&#xE32;&#xE07;&#xE22;&#xE38;&#xE17;&#xE18;&#xE28;&#xE32;&#xE2A;&#xE15;&#xE23;&#xE4C;&#xE23;&#xE30;&#xE2B;&#xE27;&#xE48;&#xE32;&#xE07;&#xE44;&#xE17;&#xE22;&#xE01;&#xE31;&#xE1A;&#xE08;&#xE35;&#xE19; -- &#xE01;&#xE32;&#xE23;&#xE40;&#xE0A;&#xE37;&#xE48;&#xE2D;&#xE21;&#xE42;&#xE22;&#xE07;&#xE42;&#xE04;&#xE23;&#xE07;&#xE2A;&#xE23;&#xE49;&#xE32;&#xE07;&#xE1E;&#xE37;&#xE49;&#xE19;&#xE10;&#xE32;&#xE19; --
&#xE1A;&#xE17;&#xE17;&#xE35;&#xE48; 2 &#xE40;&#xE28;&#xE23;&#xE29;&#xE10;&#xE01;&#xE34;&#xE08;&#xE01;&#xE32;&#xE23;&#xE04;&#xE49;&#xE32;&#xE01;&#xE32;&#xE23;&#xE25;&#xE07;&#xE17;&#xE38;&#xE19; -- &#xE01;&#xE32;&#xE23;&#xE04;&#xE49;&#xE32;&#xE23;&#xE38;&#xE48;&#xE07;&#xE40;&#xE23;&#xE37;&#xE2D;&#xE07; &#xE08;&#xE35;&#xE19;-&#xE44;&#xE17;&#xE22;&#xE44;&#xE14;&#xE49;&#xE1B;&#xE23;&#xE30;&#xE42;&#xE22;&#xE0A;&#xE19;&#xE4C;&#xE23;&#xE48;&#xE27;&#xE21;&#xE01;&#xE31;&#xE19; -- &#xE01;&#xE32;&#xE23;&#xE25;&#xE07;&#xE17;&#xE38;&#xE19;&#xE08;&#xE35;&#xE19;-&#xE44;&#xE17;&#xE22;: &#xE23;&#xE48;&#xE27;&#xE21;&#xE2A;&#xE23;&#xE49;&#xE32;&#xE07;&#xE2D;&#xE19;&#xE32;&#xE04;&#xE15; &#xE01;&#xE49;&#xE32;&#xE27;&#xE2A;&#xE39;&#xE48;&#xE04;&#xE27;&#xE32;&#xE21;&#xE2A;&#xE33;&#xE40;&#xE23;&#xE47;&#xE08;&#xE23;&#xE48;&#xE27;&#xE21;&#xE01;&#xE31;&#xE19; -- &#xE04;&#xE27;&#xE32;&#xE21;&#xE23;&#xE48;&#xE27;&#xE21;&#xE21;&#xE37;&#xE2D;&#xE17;&#xE32;&#xE07;&#xE01;&#xE32;&#xE23;&#xE40;&#xE07;&#xE34;&#xE19;&#xE23;&#xE30;&#xE2B;&#xE27;&#xE48;&#xE32;&#xE07;&#xE08;&#xE35;&#xE19;-&#xE44;&#xE17;&#xE22; -- 50 &#xE1B;&#xE35;&#xE41;&#xE2B;&#xE48;&#xE07;&#xE01;&#xE32;&#xE23;&#xE41;&#xE25;&#xE01;&#xE40;&#xE1B;&#xE25;&#xE35;&#xE48;&#xE22;&#xE19;&#xE17;&#xE32;&#xE07;&#xE27;&#xE31;&#xE12;&#xE19;&#xE18;&#xE23;&#xE23;&#xE21;&#xE44;&#xE17;&#xE22;-&#xE08;&#xE35;&#xE19;: &#xE01;&#xE32;&#xE23;&#xE1E;&#xE31;&#xE12;&#xE19;&#xE32;&#xE41;&#xE25;&#xE30;&#xE25;&#xE31;&#xE01;&#xE29;&#xE13;&#xE30;&#xE40;&#xE09;&#xE1E;&#xE32;&#xE30; -- &#xE1A;&#xE17;&#xE17;&#xE35;&#xE48; 3 &#xE2A;&#xE31;&#xE07;&#xE04;&#xE21;&#xE27;&#xE31;&#xE12;&#xE19;&#xE18;&#xE23;&#xE23;&#xE21; -- &#xE04;&#xE27;&#xE32;&#xE21;&#xE23;&#xE48;&#xE27;&#xE21;&#xE21;&#xE37;&#xE2D;&#xE14;&#xE49;&#xE32;&#xE19;&#xE27;&#xE34;&#xE17;&#xE22;&#xE32;&#xE28;&#xE32;&#xE2A;&#xE15;&#xE23;&#xE4C;&#xE41;&#xE25;&#xE30;&#xE40;&#xE17;&#xE04;&#xE42;&#xE19;&#xE42;&#xE25;&#xE22;&#xE35;&#xE23;&#xE30;&#xE2B;&#xE27;&#xE48;&#xE32;&#xE07;&#xE08;&#xE35;&#xE19;&#xE44;&#xE17;&#xE22; -- &#xE04;&#xE27;&#xE32;&#xE21;&#xE23;&#xE48;&#xE27;&#xE21;&#xE21;&#xE37;&#xE2D;&#xE14;&#xE49;&#xE32;&#xE19;&#xE2A;&#xE32;&#xE18;&#xE32;&#xE23;&#xE13;&#xE2A;&#xE38;&#xE02;&#xE08;&#xE35;&#xE19;-&#xE44;&#xE17;&#xE22; -- 50 &#xE1B;&#xE35;&#xE1E;&#xE31;&#xE12;&#xE19;&#xE32;&#xE01;&#xE32;&#xE23;&#xE04;&#xE27;&#xE32;&#xE21;&#xE23;&#xE48;&#xE27;&#xE21;&#xE21;&#xE37;&#xE2D;&#xE14;&#xE49;&#xE32;&#xE19;&#xE01;&#xE32;&#xE23;&#xE17;&#xE48;&#xE2D;&#xE07;&#xE40;&#xE17;&#xE35;&#xE48;&#xE22;&#xE27;&#xE44;&#xE17;&#xE22;-&#xE08;&#xE35;&#xE19; -- &#xE04;&#xE27;&#xE32;&#xE21;&#xE23;&#xE48;&#xE27;&#xE21;&#xE21;&#xE37;&#xE2D;&#xE14;&#xE49;&#xE32;&#xE19;&#xE01;&#xE35;&#xE2C;&#xE32;&#xE23;&#xE30;&#xE2B;&#xE27;&#xE48;&#xE32;&#xE07;&#xE08;&#xE35;&#xE19;&#xE41;&#xE25;&#xE30;&#xE44;&#xE17;&#xE22; -- &#xE04;&#xE27;&#xE32;&#xE21;&#xE23;&#xE48;&#xE27;&#xE21;&#xE21;&#xE37;&#xE2D;&#xE41;&#xE25;&#xE30;&#xE41;&#xE25;&#xE01;&#xE40;&#xE1B;&#xE25;&#xE35;&#xE48;&#xE22;&#xE19;&#xE1C;&#xE25;&#xE07;&#xE32;&#xE19;&#xE20;&#xE32;&#xE1E;&#xE22;&#xE19;&#xE15;&#xE4C;&#xE41;&#xE25;&#xE30;&#xE25;&#xE30;&#xE04;&#xE23;&#xE42;&#xE17;&#xE23;&#xE17;&#xE31;&#xE28;&#xE19;&#xE4C;&#xE08;&#xE35;&#xE19;-&#xE44;&#xE17;&#xE22; -- &#xE2A;&#xE48;&#xE07;&#xE40;&#xE2A;&#xE23;&#xE34;&#xE21;&#xE04;&#xE27;&#xE32;&#xE21;&#xE40;&#xE02;&#xE49;&#xE32;&#xE43;&#xE08;&#xE23;&#xE30;&#xE2B;&#xE27;&#xE48;&#xE32;&#xE07;&#xE1B;&#xE23;&#xE30;&#xE0A;&#xE32;&#xE0A;&#xE19;.</subfield>
  </datafield>
  <datafield tag="651" ind1=" " ind2="4">
    <subfield code="a">&#xE44;&#xE17;&#xE22;</subfield>
    <subfield code="x">&#xE04;&#xE27;&#xE32;&#xE21;&#xE2A;&#xE31;&#xE21;&#xE1E;&#xE31;&#xE19;&#xE18;&#xE4C;&#xE01;&#xE31;&#xE1A;&#xE15;&#xE48;&#xE32;&#xE07;&#xE1B;&#xE23;&#xE30;&#xE40;&#xE17;&#xE28;</subfield>
    <subfield code="z">&#xE08;&#xE35;&#xE19;</subfield>
    <subfield code="9">5864</subfield>
  </datafield>
  <datafield tag="651" ind1=" " ind2="4">
    <subfield code="a">&#xE08;&#xE35;&#xE19;</subfield>
    <subfield code="x">&#xE04;&#xE27;&#xE32;&#xE21;&#xE2A;&#xE31;&#xE21;&#xE1E;&#xE31;&#xE19;&#xE18;&#xE4C;&#xE01;&#xE31;&#xE1A;&#xE15;&#xE48;&#xE32;&#xE07;&#xE1B;&#xE23;&#xE30;&#xE40;&#xE17;&#xE28;</subfield>
    <subfield code="z">&#xE44;&#xE17;&#xE22;</subfield>
    <subfield code="9">5865</subfield>
  </datafield>
  <datafield tag="700" ind1="1" ind2=" ">
    <subfield code="a">&#xE1F;&#xE39;&#xE48;, &#xE40;&#xE08;&#xE34;&#xE07;&#xE42;&#xE2B;&#xE22;&#xE48;&#xE27;</subfield>
    <subfield code="9">66347</subfield>
  </datafield>
  <datafield tag="700" ind1="1" ind2=" ">
    <subfield code="a">&#xE2B;&#xE25;&#xE35;&#xE48;, &#xE40;&#xE2B;&#xE23;&#xE34;&#xE19;&#xE40;&#xE2B;&#xE25;&#xE35;&#xE22;&#xE07;</subfield>
    <subfield code="9">66348</subfield>
  </datafield>
  <datafield tag="942" ind1=" " ind2=" ">
    <subfield code="2">lcc</subfield>
    <subfield code="c">GB</subfield>
  </datafield>
  <datafield tag="996" ind1=" " ind2=" ">
    <subfield code="a">jidapa.t</subfield>
    <subfield code="b">ACQSTF</subfield>
    <subfield code="c">2025-07-22</subfield>
  </datafield>
  <datafield tag="996" ind1=" " ind2=" ">
    <subfield code="a">varee.k</subfield>
    <subfield code="b">LIBSTF</subfield>
    <subfield code="c">2025-07-23</subfield>
  </datafield>
  <datafield tag="996" ind1=" " ind2=" ">
    <subfield code="a">saiphon.d</subfield>
    <subfield code="b">CATSTF	</subfield>
    <subfield code="c">2025-07-25</subfield>
  </datafield>
  <datafield tag="999" ind1=" " ind2=" ">
    <subfield code="c">107006</subfield>
    <subfield code="d">107006</subfield>
  </datafield>
  <datafield tag="998" ind1=" " ind2=" ">
    <subfield code="j">104</subfield>
    <subfield code="k"> &#xE19;&#xE32;&#xE07;&#xE2A;&#xE32;&#xE27;&#xE2A;&#xE32;&#xE22;&#xE1D;&#xE19;  &#xE14;&#xE35;&#xE07;&#xE32;&#xE21;</subfield>
  </datafield>
  <datafield tag="952" ind1=" " ind2=" ">
    <subfield code="0">0</subfield>
    <subfield code="1">0</subfield>
    <subfield code="2">lcc</subfield>
    <subfield code="4">0</subfield>
    <subfield code="7">0</subfield>
    <subfield code="8">CGBL</subfield>
    <subfield code="a">NALT</subfield>
    <subfield code="b">NALT</subfield>
    <subfield code="c">GEN</subfield>
    <subfield code="d">2025-07-22</subfield>
    <subfield code="l">0</subfield>
    <subfield code="o">DS 575.5.C6 &#xE2B;551 2563</subfield>
    <subfield code="p">3961215483</subfield>
    <subfield code="r">2025-07-22 00:00:00</subfield>
    <subfield code="w">2025-07-22</subfield>
    <subfield code="y">GB</subfield>
  </datafield>
</record>
